Guess The Brand! #33 - Statistics

General Stats
  • This quiz has been taken 32 times
  • The average score is 12 of 40
Answer Stats
Picture Answer % Correct
AMC
69%
Avatar
69%
Temple Run
66%
Akinator
59%
Smarties
55%
Special K
55%
Fresh Prince Of Bel Air
52%
Jameson
48%
Q Tips
48%
Yu Gi Oh
45%
Vevo
41%
New York Jets
38%
Happy Wheels
34%
Smosh
31%
Vaseline
28%
Becel
24%
Lifebuoy
24%
Redhat
24%
Stihl
24%
Apart
21%
For Dummies
21%
Men's Warehouse
21%
Nexus
21%
Paint.net
21%
Super Smash Bros
21%
Ashley
17%
Bajaj
17%
Chicco
17%
Maxmara
17%
Paint 3D
17%
The Bachelor
17%
EHOW
14%
Element
14%
Readers Digest
14%
Zenith
14%
China Wok
10%
Entel Chile
10%
Lehmann Brothers
10%
Microsoft Infopath
10%
Scissoring Tool
10%
No matching quizzes found
Score Distribution
Percent of People with Each Score
Percentile by Number Answered
Your Score History
You have not taken this quiz